| 000 | 00659nam a2200217 a 4500 | ||
|---|---|---|---|
| 003 | PK-NaQUE | ||
| 005 | 20260602090605.0 | ||
| 008 | 260602b |||||||| |||| 00| 0 eng d | ||
| 020 | _a0071385193 (hardcover) | ||
| 020 | _a9780071385190 (hardcover) | ||
| 040 | _cQUEST | ||
| 100 | 1 |
_aMiller, John. _9271 |
|
| 245 | 1 | 0 | _aPhotonics Rules of Thumb: optics, electro-optics, fiber optics and lasers |
| 250 | _a2nd ed. | ||
| 260 |
_a[S.l.] : _bMcGraw-Hill Professional, _c2003. |
||
| 300 | _a418 p. ; | ||
| 650 |
_aPhotonics _9272 |
||
| 700 | 1 |
_aFriedman, Ed. _9273 |
|
| 856 | 4 | 0 |
_uhttp://10.10.170.122:8080/browse/book/29773 _yDownload eBook |
| 942 |
_cBK _2ddc |
||
| 999 |
_c4747 _d4747 |
||